[Event "Klubbmesterskapet 2013"]
[Site "Ås, Akershus NOR"]
[Date "2013.02.07"]
[Round "3"]
[White "Furnes, Torstein"]
[Black "Kielland-Lund, Jon"]
[Result "1/2-1/2"]
[WhiteElo "1588"]
[BlackElo "1597"]
[Annotator "Torstein Furnes"]
[PlyCount "91"]
[EventDate "2013.01.17"]
[EventType "swiss"]
[EventRounds "9"]
[EventCountry "NOR"]

1. d4 d5 2. c4 c6 3. e3 Bf5 4. Nc3 e6 5. Nf3 Nf6 6. Bd3 ({
Hovedvarianten i åpningsteorien er} 6. Nh4 Bg6 (6... Bg4 7. Qb3) 7. Nxg6 hxg6)
6... Bxd3 7. Qxd3 Nbd7 8. O-O Be7 9. e4 dxc4 ({
I databasen www.chesslive.de fortsetter 289 av 317 partier med} 9... dxe4) 10.
Qxc4 Nb6 11. Qe2 O-O 12. Bf4 Nh5 13. Be3 Nf6 ({Så langt har vi fulgt partier i
databasen www.chesslive.de, men Sf6 har ikke blitt spilt der. Istedet
fortsatte det med} 13... Qc7 14. Ne5 Nf6 15. Rac1) 14. Ne5 Nbd7 15. f4 Bb4 16.
Qf3 c5 17. Nxd7 Nxd7 18. dxc5 $6 {
Unøyaktig. Fritz liker bedre trekk som e5 eller å flytte et tårn til d1.} Bxc5
19. Bxc5 Nxc5 20. Kh1 Qd3 21. b4 Qxf3 22. Rxf3 Na6 23. a3 Rfd8 24. e5 Nc7 25.
Ne4 Ne8 26. Raf1 Rd4 27. Nc3 g6 28. g4 Ng7 $6 {
Litt unøyaktig ifølge Fritz, som heller har 28.-f5 som førstevalg.} 29. Nb5 Rd7
30. Nd6 Ne8 31. Ne4 Rd4 32. Nf6+ $2 {En feil ifølge Fritz.} Nxf6 33. exf6 Rad8
34. Rc3 Kf8 35. g5 h5 36. Kg2 Rd2+ 37. Rf2 Rxf2+ 38. Kxf2 Ke8 39. Ke3 Rd5 40.
Rc8+ Rd8 (40... Kd7 $4 {går selvsagt ikke pga} 41. Rf8 {og f-bonden faller.})
41. Rxd8+ {Herfra og resten av partiet vurderer Fritz stillingen som død remis
(0.00). Fritz mener hvits sjanser ville vært litt bedre ved å unngå tårnbytte.}
Kxd8 42. Kd4 b6 43. a4 Kc7 44. Kc4 Kc6 45. Kd4 Kd6 46. b5 1/2-1/2

[Event "Klubbmesterskapet 2013"]
[Site "Ås, Akershus NOR"]
[Date "2013.02.07"]
[Round "3"]
[White "Stensland, Martin"]
[Black "Høva, Frode"]
[Result "1/2-1/2"]
[WhiteElo "1153"]
[BlackElo "1595"]
[PlyCount "59"]
[EventDate "2013.01.17"]
[EventType "swiss"]
[EventRounds "9"]
[EventCountry "NOR"]

1. d4 Nf6 2. Bf4 g6 3. Nf3 Bg7 4. e3 O-O 5. Be2 b6 6. O-O Bb7 7. Nc3 d6 8. Bc4
Nbd7 9. Ng5 e5 10. Nxf7 Rxf7 11. Bxf7+ Kxf7 12. Bg5 Qe7 13. d5 Kg8 14. f4 Qf7
15. f5 gxf5 16. Rxf5 Qg6 17. Qf3 e4 18. Qh3 Ne5 19. Raf1 Bc8 20. Bxf6 Bxf5 21.
Qxf5 Nf3+ 22. Rxf3 exf3 23. Qe6+ Kh8 24. Bxg7+ Qxg7 25. g3 Rf8 26. Kf2 h5 27.
h4 Rf6 28. Qe8+ Kh7 29. Qxh5+ Kg8 30. Ne4 1/2-1/2

[Event "Klubbmesterskapet 2013"]
[Site "Ås, Akershus NOR"]
[Date "2013.02.11"]
[Round "3"]
[White "Garmark, Vegard"]
[Black "Aalmo, Alexander"]
[Result "1-0"]
[WhiteElo "1195"]
[BlackElo "1129"]
[Annotator "Fritz 11 (30s)"]
[PlyCount "51"]
[EventDate "2013.01.17"]

{E90: King's Indian: Classical: Early deviations and 6 h3} 1. d4 g6 2. c4 Bg7
3. Nc3 d6 4. Nf3 Nf6 5. e4 O-O 6. Bd3 {Black has a cramped position} (6. Be2 c5
$14) 6... Bg4 $11 7. h3 Bxf3 8. Qxf3 {White has the pair of bishops} Nbd7 9.
O-O {Black has a cramped position} e5 {Black threatens to win material: e5xd4}
(9... c5 10. d5 $11) 10. Be3 (10. d5 Nh5 $14) 10... c6 {Controls b5+d5} (10...
Ng4 11. d5 Nxe3 12. Qxe3 $11) 11. Rad1 (11. d5 Nc5 12. Be2 Rc8 $16) 11... Rc8 (
11... exd4 $142 12. Bxd4 Re8 $14) 12. Qg3 $4 {forfeits the advantage} (12. d5
$142 $16) 12... Nh5 $19 13. Qg5 (13. Qh2 exd4 14. g4 dxe3 (14... dxc3 $143 15.
gxh5 cxb2 16. hxg6 $19) 15. gxh5 exf2+ 16. Rxf2 Bd4 $19) 13... Bf6 14. Qg4 (14.
Qh6 {cannot change what is in store for ?} exd4 15. Be2 Bg7 $19 (15... dxe3
$143 16. Qxe3 Bg5 17. f4 Nxf4 18. Rxf4 $19)) 14... exd4 15. Bh6 (15. Qe2 {
doesn't change anything anymore} dxe3 16. Qxe3 Qb6 17. Qxb6 Nxb6 $19) 15...
dxc3 16. Bxf8 Ne5 (16... Qxf8 $6 {is much weaker} 17. Qxd7 cxb2 18. Bb1 $17)
17. Qe2 Kxf8 18. bxc3 (18. Qc2 {a fruitless try to alter the course of the game
} Nxd3 19. Rxd3 cxb2 $19) 18... Nf4 19. Qe3 Bg5 20. Bc2 (20. Be2 {
is not the saving move} Nxg2 $1 {Discovered attack: f4, g5-e3} 21. Qg3 Nf4 $19)
20... Nxc4 (20... Nxg2 $142 $5 {might be the shorter path} 21. Qg3 Nf4 22. Kh1
$19) 21. Qxa7 Ne2+ 22. Kh1 Nd2 (22... b5 {and Black can already relax} 23. Bb3
Rc7 24. Qa6 $19) 23. Rfe1 Nxc3 24. Ra1 Qe7 25. Qd4 Nb5 (25... Qe5 $142 {
secures the win} 26. Qxe5 dxe5 $19) 26. Qh8# 1-0

[Event "Klubbmesterskapet 2013"]
[Site "Ås, Akershus NOR"]
[Date "2013.02.16"]
[Round "3"]
[White "Olsen, Trygve"]
[Black "Simonsen, Steinar"]
[Result "0-1"]
[WhiteElo "1311"]
[BlackElo "1367"]
[Annotator "Per Lea"]
[PlyCount "76"]
[EventDate "2013.01.17"]

1. e4 e6 2. Nf3 {Ikke det vanligste her, men vanskelig å utnytte for svart.
Vanligvis blir det gjerne overgang til andre åpninger når hvit spiller slik.}
d5 3. e5 c5 4. b3 Nc6 5. Bb2 Nge7 6. Nc3 Ng6 7. Ne2 d4 8. c3 d3 9. Nc1 Ncxe5
10. c4 Qc7 11. g3 Bd7 12. Bg2 Bc6 13. O-O O-O-O 14. Re1 f6 15. a4 h5 16. h4 Ne7
17. Nxe5 fxe5 18. Bxe5 Qd7 19. f3 Ng6 20. Bc3 Bd6 21. Bh3 Rhe8 22. f4 Bxf4 23.
gxf4 Nxf4 24. Bf1 $4 ({Hvit kan prøve} 24. Re3 {
men uansett er kongestillingen en ruin}) 24... Qe7 $1 25. Nxd3 $2 Nxd3 (25...
Rxd3 26. Bxd3 Nh3+ 27. Kh2 Qxh4 {og hvits konge er fortapt}) 26. Qxh5 Nxe1 27.
Rxe1 Rh8 28. Qg5 Qxg5+ 29. hxg5 Rh1+ 30. Kf2 Rf8+ 31. Bf6 gxf6 32. g6 e5 33.
Re3 Rg8 34. Bh3+ Bd7 35. Bg2 Rh6 36. Rg3 Rhxg6 37. Rxg6 Rxg6 38. Be4 f5 {
og hvit ga opp den håpløse kampen} 0-1

[Event "Klubbmesterskapet 2013"]
[Site "Ås, Akershus NOR"]
[Date "2013.02.14"]
[Round "4"]
[White "Lea, Per"]
[Black "Thowsen, Alf Geir"]
[Result "1-0"]
[WhiteElo "1666"]
[BlackElo "1159"]
[Annotator "Per Lea"]
[PlyCount "69"]
[EventDate "2013.01.17"]

1. e4 e6 2. d4 d5 3. Nc3 Be7 {
Ikke det vanligste, men hvit klarte i hvert fall ikke å utnytte det.} (3... Nf6
4. Bg5 Be7 5. e5 Nfd7) ({eller} 3... Bb4 4. e5 c5 5. a3 Bxc3+ 6. bxc3 {
er oftere spilt}) 4. e5 c5 5. Qg4 g6 6. Nf3 Nc6 7. Bb5 Bd7 8. Bxc6 {Sannsynligv
is et nødvendig onde. Men seinere byttes også den andre hvite løperen mot en
svart springer, og det er nok en tvilsom plan.} Bxc6 9. Be3 b6 10. h4 h5 $1 11.
Qh3 Nh6 12. Bxh6 {Siden svarts springer truer med å besette g4 eller f5, så
keg ingen annen utvei her.} Rxh6 13. g4 $2 (13. Qg3) (13. Qh2) (13. O-O) (13.
Rd1 {var i følge Critter 1.6 (gratis nedlastbar, kan kjøres fra Fritz!)
brukbare forsøk på å beholde en ørliten fordel. Nå er det svart som holder
hånda på rattet framover.}) 13... hxg4 14. Qxg4 cxd4 15. Nxd4 Rc8 (15... Bd7 {
fortjener oppmerksomhet: i noen varianter kan det ofres springer på e6}) 16.
Nxc6 (16. O-O-O {er muligens det beste her, selv om det koster h-bonden}) 16...
Rxc6 17. h5 Rc4 $1 18. Qf3 Rh4 (18... Rxh5 19. Rxh5 gxh5 20. Qxh5 Rh4 21. Qf3
Qc7 22. O-O-O Qxe5 {er utmerket for svart}) 19. Rxh4 Bxh4 20. hxg6 (20. Nb5
Rxh5 21. Nd6+ Kd7 22. Qxf7+ Be7 23. Kd2 {
er nok bedre, men svart står fremdeles best}) 20... Rxg6 21. O-O-O Qg5+ $1 {
Svart karrer til slutt til seg en bonde - hvit overså varianten totalt} 22. Kb1
Qxe5 23. Nb5 Bf6 24. Qa3 a5 {Lar hvit få helt ufortjente motsjanser} (24... Qe2
25. Qd3 Qxd3 26. cxd3 {hadde ikke vært morsomt for hvit}) 25. Nd6+ {Alt annet t
aper. Å gå inn i en avdekker eller tillate springergaffel på f7 taper direkte.}
Kd7 26. Nxf7 (26. Nc4 {er nok sterkere, men tidsnøden begynte å gjøre seg
gjeldende. Springeren kan fort bli fanget på f7.}) 26... Qh2 27. c4 $4 Be7 $4 {
Gjengjelder en bukk med en annen!} (27... Rg1 28. Qf3 Qh7+ 29. Ka1 Qxf7 30. Qb3
(30. Rxg1 $4 Bxb2+ 31. Kxb2 Qxf3 {0-1}) 30... Rxd1+ 31. Qxd1 {0-1}) 28. Qa4+ {
Nå er det plutselig hvit som har vinnende fordel, men det er ikke lett å se de
rette varianteneitidsnøden!} Kc7 29. cxd5 exd5 {Nå viser problemet med svarts
27. trekk seg: løperen på e7 blokkerer et viktig fluktfelt for kongen} 30. Rc1+
$2 {Naturlig, men holder bare til remis ved beste motspill} (30. Qe8 Qh4 31.
Ne5 Qe4+ 32. Ka1 Qxe5 33. Rc1+ Kb7 34. Qc8+ Ka7 35. Rc7+ Qxc7 36. Qxc7+ Ka6 37.
Qc8+ Ka7 38. Qd7+ Ka6 39. a4 {bør vinne greit}) 30... Bc5 31. b4 $2 ({Igjen var
} 31. Qe8 {det beste, men det holder ikke til mer enn remis}) 31... axb4 32.
Qa7+ Kc6 33. Nd8+ Kb5 34. Qd7+ Ka6 $4 (34... Ka5 35. Nc6+ (35. Qa7+ Kb5) 35...
Rxc6 {Nødvendig - og tilstrekkelig!} (35... Ka6 $4 36. Qc8+ Kb5 37. Nb8 b3 (
37... Qxb8 38. Qxb8 {er eneste måte å unngå snarlig matt}) 38. Qa6+ Kb4 39. a3#
)) 35. Qa4# {Et morsomt mattbilde, og et høyst urettferdig resultat} 1-0

[Event "Klubbmesterskapet 2013"]
[Site "Ås, Akershus NOR"]
[Date "2013.02.14"]
[Round "4"]
[White "Furnes, Torstein"]
[Black "Flügel, Stefan"]
[Result "0-1"]
[WhiteElo "1588"]
[BlackElo "1702"]
[Annotator "Torstein Furnes"]
[PlyCount "76"]

1. d4 e6 2. c4 b6 3. Nc3 Bb7 4. e4 Bb4 5. Bd3 f5 6. Qh5+ g6 7. Qe2 Nc6 ({
Hos www.chesslive.de fortsetter 128 av 145 partier med} 7... Nf6) 8. Nf3 fxe4
9. Bxe4 Nf6 10. Bg5 O-O 11. O-O-O {
Den hvite kongen står kanskje litt utrygt etter lang rokade.} Bxc3 12. bxc3 Qe7
13. Kb2 Qg7 14. Bc2 Na5 15. h4 h6 16. Bf4 d6 17. Qxe6+ Kh8 18. Qe2 Rae8 19. Qf1
Ng4 20. Bg3 Bxf3 21. gxf3 Rxf3 22. Rd3 $6 Ne3 $1 23. Qc1 Nexc4+ (23... Naxc4+)
24. Kb1 Rf5 25. Rdd1 Rb5+ 26. Ka1 c5 27. Ba4 a6 28. Bxb5 axb5 29. Qf4 $6 (29.
Rhe1) 29... Re2 ({Svart vinner forsert etter følgende fine Fritz-varianter:} 
29... Nb3+ $3 30. axb3 (30. Kb1 Na3+ $1 31. Kb2 Re2+ 32. Kxb3 Nc4 33. Rb1 Na5+
34. Ka3 Nc6) 30... Re2 31. Kb1 g5 $1 32. Qe4 Rxe4 33. hxg5 (33. bxc4 Re2) 33...
Re2) 30. Rb1 Nc6 31. Rxb5 $2 (31. Rbe1) 31... cxd4 ({Førstevalget til Fritz er
} 31... Nxd4 $3 32. cxd4 Rd2 33. Qe4 (33. Rb2 Rxd4 34. Qc1 Rd2) 33... Rxd4 (
33... Rxa2+ 34. Kxa2 Qa7+ 35. Kb3 Nd2+ 36. Kb2 Nxe4) 34. Qa8+ Kh7 35. Kb1 Rd3
36. Bf4 Na3+ 37. Qxa3 Rxa3) 32. Qf3 $4 (32. h5 {
vurderes av Fritz 10 som lik stilling (0.00).}) 32... dxc3 ({
En alternativ vinstvariant er} 32... Rxa2+ $1 33. Kxa2 Qa7+ 34. Kb3 Nd2+ 35.
Kc2 Nxf3) 33. Qxe2 c2+ 34. Be5 N6xe5 35. Qxc2 Nd3+ 36. Rb2 Ndxb2 37. Rg1 $4 ({
Hvits eneste mulighet er} 37. a3 {
men Fritz vurderer det som klar svart fordel etter f.eks.} Nd1+ 38. Ka2 Nc3+
39. Kb3 Na5+ 40. Kb2 Nb5+ 41. Ka2 Qf7+ 42. Ka1 Nc4) 37... Nd3+ 38. Kb1 Na3# 0-1

[Event "Klubbmesterskapet 2013"]
[Site "Ås, Akershus NOR"]
[Date "2013.02.14"]
[Round "4"]
[White "Garmark, Vegard"]
[Black "Olsen, Trygve"]
[Result "1-0"]
[WhiteElo "1195"]
[BlackElo "1311"]
[Annotator "Fritz 11 (30s)"]
[PlyCount "94"]
[EventDate "2013.01.17"]

{B50: Sicilian: 2...d6, Miscellaneous} 1. e4 (1. d4 d5 $11) 1... c5 (1... e5 2.
Nf3 Nc6 3. Bb5 $11) 2. Nf3 Nc6 3. Nc3 d6 {Secures e5} 4. d3 h6 {
Prevents intrusion on g5} 5. Bf4 (5. d4 cxd4 6. Nxd4 e5 7. Nxc6 bxc6 $14) 5...
e5 {Black threatens to win material: e5xf4} 6. Be3 Nf6 7. Be2 Nd4 8. O-O {
White castles and improves king safety} Ng4 (8... Be7 $5 $15 {
is an interesting alternative}) 9. Bxd4 (9. Nxd4 Nxe3 10. fxe3 cxd4 11. exd4
exd4 $16) 9... cxd4 {Black has the pair of bishops} 10. Nd5 Nf6 11. Nxf6+ Qxf6
{Black is behind in development.} 12. c3 dxc3 13. bxc3 Bd7 (13... Be7 $142 $5
$11 {should not be overlooked}) 14. d4 (14. Qb3 Rb8 15. d4 Be7 $16) 14... exd4
15. cxd4 Qe7 (15... Be7 16. Qb3 O-O 17. Qxb7 $16) 16. Bc4 (16. Qb3 $142 $18)
16... Qd8 $2 (16... g5 $142 $5 $16) 17. Qb3 $18 Be6 (17... Qb6 18. Bxf7+ Ke7
19. Qd5 $18) 18. Bxe6 fxe6 19. Qxe6+ Be7 (19... Qe7 {
doesn't get the cat off the tree} 20. Qc4 Qd7 21. Rab1 $18) 20. Qg6+ (20. Rac1
{might be the shorter path} Qd7 21. Qg6+ Kf8 $18) 20... Kf8 21. e5 Qe8 22.
Qxe8+ (22. Qe4 $142 $18 {ends the debate}) 22... Rxe8 23. Rac1 Bd8 $2 (23... g5
$142 $18) 24. exd6 g6 (24... Re6 25. d7 $18) 25. Rfe1 (25. Rc8 {
keeps an even firmer grip} Kg7 26. Rb8 b5 $18) 25... Rxe1+ 26. Rxe1 Rh7 (26...
Kf7 {doesn't get the bull off the ice} 27. Kf1 $18) 27. Kf1 (27. Ne5 {
seems even better} Rg7 $18) 27... Rd7 (27... h5 {doesn't improve anything} 28.
Ne5 g5 29. Re3 $18) 28. Re6 Kf7 29. Rxg6 $1 {Double attack: d7/g6} Bf6 (29...
Kxg6 30. Ne5+ {Double attack}) 30. Rxh6 Rxd6 31. Rh7+ (31. g4 $5 {
might be the shorter path} Rd5 32. Rh5 Rxh5 33. gxh5 Bg7 $18) 31... Bg7 32. Nh4
(32. Rh5 $142 $5 {and White can already relax} Ra6 33. Rb5 b6 $18) 32... Rd5
33. Nf3 Ra5 $4 {there were better ways to keep up the pressure} (33... Rd6 34.
Rh5 Ra6 $18) 34. Ne5+ Kg8 35. Rh5 Rxa2 36. d5 Rd2 (36... b5 37. d6 Rd2 38. Nf3
Rxd6 39. Rxb5 $18) 37. Nc4 (37. Nf3 Rc2 $18) 37... Rd4 (37... Rc2 38. Ne3 Rd2
39. Rg5 $18) 38. Na5 Rb4 (38... b5 39. Rf5 Kh7 40. Nc6 $18) 39. d6 Kf7 (39...
Bf6 40. Ke2 $18) 40. d7 (40. Rc5 $142 {keeps an even firmer grip} Ke6 41. Rc7
Rb1+ 42. Ke2 Rb2+ 43. Ke3 Bh6+ 44. Kf3 $18) 40... Ke7 $4 {
Black has lost his nerve... understandable when you consider his position} (
40... Rd4 $142 41. Nxb7 Rxd7 $18) 41. Rh7 Rg4 42. Nxb7 (42. f3 {
makes it even easier for White} Rg6 43. f4 Kxd7 $18) 42... Kxd7 43. h3 Rg6 44.
Nc5+ (44. h4 $142 {and White wins} Kc6 45. h5 $18) 44... Kd6 45. Ne4+ Kd5 46.
f3 a5 $2 (46... Bd4 $142 $18) 47. Rh5+ Kd4 1-0

[Event "Klubbmesterskapet 2013"]
[Site "Ås, Akershus NOR"]
[Date "2013.02.17"]
[Round "4"]
[White "Simonsen, Steinar"]
[Black "Stensland, Martin"]
[Result "1/2-1/2"]
[WhiteElo "1367"]
[BlackElo "1153"]
[Annotator "Per Lea"]
[PlyCount "80"]
[EventDate "2013.01.17"]

1. e4 e5 2. Nf3 d6 3. Nc3 Nf6 4. Bc4 Bg4 5. h3 Bh5 6. d3 Be7 7. Be3 Nc6 8. g4
Bg6 9. Nh4 Nd4 10. Nxg6 hxg6 11. Bxd4 exd4 12. Nb5 Qd7 13. f3 d5 14. exd5 Nxd5
15. Qd2 Bh4+ 16. Kd1 Ne3+ 17. Kc1 a6 {
Med remistilbud - i vunnet stilling for svart...} 18. Na3 O-O-O (18... Qc6 19.
Qe2 O-O 20. Bb3 Rfe8 21. Kb1 b5 $19) 19. Qa5 Nxc4 (19... Be7 20. Nb5 Bc5 21. a4
Qc6 22. Na3 Qxf3 23. Re1 $19) 20. Nxc4 Qb5 21. Qxb5 axb5 22. Ne5 Rdf8 23. f4
Bg3 24. Rf1 Rxh3 25. b4 g5 26. Nf3 Bxf4+ 27. Kb2 Rd8 28. a4 c6 29. axb5 cxb5
30. Ra8+ Kc7 31. Rxd8 Kxd8 32. Nxd4 Be5 33. c3 Bxd4 34. cxd4 Rxd3 35. Rxf7 Rxd4
36. Kc3 Rxg4 37. Rxb7 Rg3+ 38. Kd4 Rg1 39. Rxg7 g4 40. Kc5 g3 {Og spillerne
har nådd en død remisstilling, etter at svart har sittet i førersetet
mesteparten av partiet} 1/2-1/2

[Event "Klubbmesterskapet 2013"]
[Site "Ås, Akershus NOR"]
[Date "2013.03.04"]
[Round "4"]
[White "Kielland-Lund, Jon"]
[Black "Moberg, Jan Rune"]
[Result "1/2-1/2"]
[WhiteElo "1597"]
[BlackElo "1533"]
[Annotator "Kielland-Lund, Jon"]
[PlyCount "102"]
[EventDate "2013.01.17"]

1. e4 {Første gang siden 80 årene} g6 2. d4 d6 3. c4 Bg7 4. Nc3 Nd7 5. Nf3 e6 {
Noe passivt} 6. Be2 Ne7 7. Bg5 h6 8. Be3 O-O 9. Qd2 Kh7 10. h4 {
Critter gir allerede stor fordel (0.75)} f5 11. h5 g5 {g x h5 er mindere dårlig
} 12. Bxg5 Nf6 13. Bxf6 Bxf6 14. e5 Bg7 15. g3 Nc6 16. exd6 cxd6 {
Critter vil slå med dronningen} 17. O-O-O Ne7 18. Kb1 Bd7 19. Nh4 {
Starten på en springermanøver} Be8 20. Ng2 a6 21. Nf4 Qd7 22. d5 e5 23. Ne6 Rf6
{
Nå gir Tdg1 fulgt av g4 antagelig vinnende fordel, men jeg var ikke interessert
} 24. Nxg7 Kxg7 25. Rh4 Rb8 26. g4 f4 27. Ne4 Rf8 28. g5 Nf5 29. Rhh1 Nd4 30.
g6 {gxh6 er mere sjanserikt} Rc8 31. Bf1 Qe7 32. Rc1 {Jeg så Db4 for sent} Bd7
33. Qb4 {For sent, Lh3 er bedre} Bf5 34. Bd3 Bxe4 35. Bxe4 Rc5 36. f3 {
Da svinner fordelen hen, Ld3 er bedre} Rfc8 37. Qb6 Qc7 38. Qxc7+ R8xc7 39. b3
b5 40. cxb5 Nxb5 (40... axb5 41. Rxc5 Rxc5) 41. Rxc5 Rxc5 42. Kb2 Nc3 43. Rc1
Nxe4 44. fxe4 Rb5 {Hvit har vinnende fordel igjen} 45. Rc7+ Kg8 46. Kc2 (46.
Kc3 Rb8 47. Rf7 {?? nei og nei} Rb4) 46... Rb8 47. Rf7 {nei og nei} Rb4 48. Rc7
Rxe4 49. Rc8+ Kg7 50. Rc7+ Kg8 51. Rc8+ Kg7 {og det er død remis} 1/2-1/2

[Event "Klubbmesterskapet 2013"]
[Site "Ås, Akershus NOR"]
[Date "2013.03.07"]
[Round "5"]
[White "Flügel, Stefan"]
[Black "Lea, Per"]
[Result "1-0"]
[WhiteElo "1702"]
[BlackElo "1666"]
[Annotator "Lea, Per"]
[PlyCount "35"]
[EventDate "2013.01.17"]

1. Nc3 Nf6 2. e4 e5 3. f4 d5 4. fxe5 Nxe4 5. d3 d4 $4 {Et utrolig tilfelle av
sjakkblindhet og en soleklar kandidat når forfatterne av "Follo sjakkforenings
historie 1997-2097" skal kåre "Klubbens største bukk". Nattesøvnen er ødelagt
for uker framover!} 6. Nxe4 Bb4+ 7. Bd2 Qe7 8. Nf3 Nc6 9. Be2 Nxe5 10. O-O Bxd2
11. Qxd2 O-O $2 12. Nxd4 Rd8 13. Qc3 b6 14. Rae1 Bb7 15. Bh5 Rf8 16. Nf5 Qe6
17. Nxg7 (17. Ng5 Qf6 18. Rxe5 {er om mulig enda mer knusende}) 17... Kxg7 18.
Ng5 {og svart tok endelig til fornuften og ga opp den håpløse kampen} 1-0

[Event "Klubbmesterskapet 2013"]
[Site "Ås, Akershus NOR"]
[Date "2013.03.07"]
[Round "5"]
[White "Moberg, Jan Rune"]
[Black "Høva, Frode"]
[Result "1-0"]
[WhiteElo "1533"]
[BlackElo "1595"]
[Annotator "Lea, Per"]
[PlyCount "69"]
[EventDate "2013.01.17"]

1. c4 Nf6 2. g3 g6 3. Bg2 Bg7 4. Nc3 O-O 5. e4 d6 6. d4 e5 7. Nge2 Nc6 8. d5
Ne7 9. O-O Nd7 10. b4 a5 11. b5 Nc5 12. Na4 Nxa4 13. Qxa4 f5 14. Nc3 f4 15. Qd1
Bd7 16. a4 Qc8 17. f3 Bh3 18. Qe2 Qd7 19. Ba3 Bh6 20. g4 Bxg2 21. Qxg2 g5 22.
Qf2 Ng6 $2 (22... b6 {stopper hvits initiativ på dronningfløyen}) 23. c5 Rf7 $2
(23... dxc5 24. Bxc5 Rf6 25. Rfd1 {
er et mindre onde: hvit har fremdeles fordel.}) 24. Rad1 {
Utnytter ikke svarts unøyaktighet.} (24. b6 dxc5 25. bxc7 Qxc7 26. Nb5 Qd7 27.
Bxc5 Bf8 28. d6 {ser sterkt ut}) 24... Bf8 25. c6 bxc6 26. dxc6 Qe6 27. Nd5 Nh4
28. h3 {Unødvendig} ({Straks} 28. b6 cxb6 29. Rc1 {er bedre}) 28... h5 29. b6
cxb6 30. Qxb6 {gir svart motspill} hxg4 $1 31. hxg4 Nxf3+ $1 32. Rxf3 Qxg4+ 33.
Kf2 Qh4+ 34. Ke2 g4 35. Qg1 {Nokia-gambit: svarts telefon mottok en SMS...} 1-0

[Event "Klubbmesterskapet 2013"]
[Site "Ås, Akershus NOR"]
[Date "2013.03.07"]
[Round "5"]
[White "Simonsen, Steinar"]
[Black "Garmark, Vegard"]
[Result "1-0"]
[WhiteElo "1367"]
[BlackElo "1195"]
[Annotator "Lea, Per"]
[PlyCount "79"]
[EventDate "2013.01.17"]

1. e4 c5 2. Nf3 d6 3. d4 cxd4 4. Nxd4 Nc6 5. Be3 e5 6. Nxc6 bxc6 7. Bc4 Nf6 8.
Nc3 Be7 9. Bb3 a5 10. O-O O-O 11. f4 Ng4 12. Qe2 Nxe3 13. Qxe3 exf4 14. Qxf4
Be6 15. Bxe6 fxe6 16. Qe3 Rb8 17. Rxf8+ Bxf8 18. b3 Be7 19. Qh3 Qd7 20. Rd1 Rb4
21. a3 Rb7 22. Na4 d5 23. exd5 exd5 24. Qc3 Bxa3 25. Qxa5 Kf7 $2 {Starter på
full ferd som ender med katastrofe. Kongen har ingenting på midten av brettet
å gjøre så lenge dronningene er på brettet!} (25... Qe8 26. Re1 Re7 {
og svart har en en liten, men ikke nødvendigvis vinnende, fordel.}) 26. Rf1+
Ke6 $4 {Fra vondt til verre...} 27. Qe1+ Kd6 28. Qg3+ Ke7 29. Qxg7+ Kd8 30.
Qg8+ Qe8 31. Qg5+ Re7 32. Qh4 Kc7 33. Qf2 Qb8 34. Qf4+ Bd6 35. Qd2 Kd7 36. Qd4
Bxh2+ 37. Kh1 Bc7 $4 (37... Bd6 38. Nc5+ Bxc5 39. Qxc5 Qe5 {
er sannsynligvis remis. Etter teksttrekket er det forsert matt.}) 38. Nc5+ Kd8
39. Rf8+ Re8 40. Qf6+ (40. Qg7 {matter ett trekk tidligere...}) 1-0

[Event "Klubbmesterskapet 2013"]
[Site "Ås, Akershus NOR"]
[Date "2013.03.07"]
[Round "5"]
[White "Stensland, Martin"]
[Black "Furnes, Torstein"]
[Result "0-1"]
[WhiteElo "1153"]
[BlackElo "1588"]
[PlyCount "86"]

1. d4 d5 2. c4 e6 3. Nf3 Nf6 4. Bg5 Be7 5. Nc3 O-O 6. e3 Nbd7 7. Bd3 dxc4 8.
Bxc4 c5 9. O-O b6 10. e4 cxd4 11. Nxd4 Ne5 12. Be2 Bb7 13. f4 $6 {Taper bonde.}
Bc5 14. fxe5 Bxd4+ 15. Kh1 Bxe5 16. Qxd8 Rfxd8 17. Bf3 Rd7 18. Rfe1 Rc8 19.
Bxf6 Bxf6 20. e5 Be7 21. Bxb7 Rxb7 22. a3 Rd7 23. Rad1 Rcd8 24. Rxd7 Rxd7 25.
Ne4 Rd5 26. Nc3 Rd2 27. Ne4 Rxb2 28. Rc1 Re2 29. Nd6 Rxe5 30. Nc8 Bxa3 31. Rd1
Rd5 32. Ra1 Rc5 33. Nxa7 Rc1+ 34. Rxc1 Bxc1 35. Nb5 Be3 36. g4 f5 37. gxf5 exf5
38. Kg2 Kf7 39. Nd6+ Ke6 40. Nc4 Bc5 41. Kf3 g5 42. h3 Kd5 43. Nd2 b5 0-1

[Event "Klubbmesterskapet 2013"]
[Site "Ås, Akershus NOR"]
[Date "2013.03.07"]
[Round "5"]
[White "Thowsen, Alf Geir"]
[Black "Kielland-Lund, Jon"]
[Result "0-1"]
[WhiteElo "1159"]
[BlackElo "1597"]
[PlyCount "110"]
[EventDate "2013.01.17"]

1. d4 d5 2. c4 c6 3. Nc3 e5 4. dxe5 d4 5. Ne4 Qa5+ 6. Nd2 Nd7 7. Ngf3 Nxe5 8.
Nxe5 Qxe5 9. Nf3 Qa5+ 10. Bd2 Qb6 11. b3 Bf5 12. e3 c5 13. Bc1 dxe3 14. Qe2
O-O-O 15. Qxe3 Nf6 16. Be2 Re8 17. Qc3 Qe6 18. Be3 Ng4 19. O-O Nxe3 20. fxe3
Qxe3+ 21. Qxe3 Rxe3 22. Rae1 {[%emt 0:00:12]} Bg4 23. h3 Bh5 24. Rf2 Bd6 25. g4
Bg6 26. Rg2 Rhe8 27. Kf2 f6 28. Bd1 Rxe1 29. Nxe1 Be4 30. Nf3 Bf4 31. Kf1 Bd3+
32. Be2 Bxe2+ 33. Rxe2 Rxe2 34. Kxe2 Kd7 35. Kd3 Ke6 36. Ke4 Bc1 37. Ne1 g6 38.
Nd3 Ba3 39. Nf4+ Kd6 40. Nd5 Bb2 41. Nf4 b6 42. Nd5 Be5 43. Ne3 Ke6 44. a4 Bd4
45. Nd5 f5+ 46. gxf5+ gxf5+ 47. Kf4 Be5+ 48. Kg5 h6+ 49. Kxh6 f4 50. Kg5 f3 51.
h4 f2 52. Ne3 Bd4 53. Nf1 Ke5 54. Kg4 Ke4 55. h5 Kd3 0-1